000 nam a22 a 4500
999 _c2245
_d2245
005 20170515162109.0
008 170515b1976 cau||||| |||| 00| 0 eng d
020 _a0804708967
_c$11.50
040 _aAKMAL
082 _a375.001 MAY
090 _a375.001
_bMAY
100 _aMayo, John K.
_94716
245 0 0 _aEducational reform with television
_bthe El Salvador experience /
_cJohn K. Mayo, Robert C. Hornik & Emile G. McAnany.
260 _aStanford, Calif.
_bStanford University Press
_c1976.
300 _axi, 216 p.
_bill.
_c24cm
500 _aIncludes index.
504 _aBibliography: p. 207-208.
599 _aDALAM PROSES
650 _aTelevision in education
_zEl Salvador.
_94717
650 _aEducational change
_zEl Salvador.
_94718
700 _aHornik, Robert C.,
_ejoint author.
_94719
700 _aMcAnany, Emile G.,
_ejoint author.
_94720
942 _2ddc
_cBOOK